|
|
|
|
| LEADER |
01210nam a2200253 a 4500 |
| 001 |
GR-MES14965 |
| 008 |
090319s2006 gr b 001 0 eng d |
| 020 |
|
|
|z 1-4051-3544-3
|
| 040 |
|
|
|a GrPaTEI
|b gre
|c GR-PaULI
|
| 040 |
|
|
|a GrPaTEI
|b gre
|c GR-PaULI
|
| 082 |
|
0 |
|a 576
|2 21
|
| 100 |
1 |
|
|a Primrose, S.B.
|
| 245 |
1 |
0 |
|a Principles of gene manipulation and genomics /
|c S.B. Primrose and R.M. Twyman.
|
| 250 |
|
|
|a 7th ed.
|
| 260 |
|
|
|a [s.l] :
|b Blackwell,
|c c2006
|
| 300 |
|
|
|a xxii, 644 σ. :
|b διαγ., εικ. ;
|c 24 εκ.
|
| 504 |
|
|
|a Περιλαμβάνει βιβλιογραφικές παραπομπές και ευρετήριο.
|
| 650 |
|
0 |
|a Genomics
|
| 700 |
1 |
|
|a Twyman, R.M.
|
| 942 |
|
|
|2 ddc
|
| 952 |
|
|
|0 0
|1 0
|2 ddc
|4 0
|6 576_000000000000000_PRI
|7 0
|9 272818
|a MSLG
|b MSLG
|c BSC
|d 2021-01-17
|e 24
|f 0
|g 0.00
|l 0
|o 576 PRI
|p 2420000023649
|r 2021-01-17 00:00:00
|t 1
|w 2021-01-17
|y BK15
|x 20090319 0 ΤΣΑΝΤΑΡΛΙΩΤΗ 1
|x GrPaTEI
|
| 952 |
|
|
|0 0
|1 0
|2 ddc
|4 0
|6 576_000000000000000_PRI
|7 0
|9 272819
|a MSLG
|b MSLG
|c BSC
|d 2021-01-17
|e 24
|f 0
|g 0.00
|l 0
|o 576 PRI
|p 2420000023650
|r 2021-01-17 00:00:00
|t 1
|w 2021-01-17
|y BK15
|x 20090319 0 ΤΣΑΝΤΑΡΛΙΩΤΗ 1
|x GrPaTEI
|
| 971 |
|
|
|a .b25810145
|b 15-04-20
|c 13-09-16
|
| 999 |
|
|
|c 157861
|d 157861
|